Statistics for Disney TV Shows

Click here to take the quiz!

General Stats

  • This quiz has been taken 3,643 times
    (3,639 since last reset)
  • The average score is 6 of 10

Answer Stats

HintAnswer% Correct
New nanny works to raise somewhat spoiled children in a spiffy new york apartment.Jessie
87%
African American pyschic works to live a normal life in San Fran with her two loyal side kicks by her side... hint* life is mysterious to her, yeaaahhhh. Yep that's me!That's so Raven
82%
The two tweens, now grown up, move their studies to a luxury cruise ship... p.s. this is an unsuccessful spinoff in my opinion...Suite Life on Deck
69%
She writes, he rocks....Austin and Ally
66%
Two tweens live it up in a fancy smancy hotelSuite Life of Zack and Cody
62%
Blonde or Brunette.... hmmm...Hannah Montana
60%
Is he EVEN, or odd. EVEN, or odd. I could never figure it out.Even Stevens
49%
* BONUS: NOT a Disney Channel TV show... 4 scientists have many adventures with one sassy and sexy blonde named PennyThe Big Bang Theory
44%
Canadian show wayyy back in the day (like 2004, 2005) two different families clash when the mom and dad of separate families marry... Livin' life with _______Life with Derek
26%
Another Canadian show, developed from Disney Channel original movie, Edward Cullen's equalMy Babysitter's a Vampire
15%

Score Distribution

Percentile by Number Answered

Percent of People with Each Score

Your Score History

You have not taken this quiz since the last reset